| 000 | 01229nam a2200277Ia 4500 | ||
|---|---|---|---|
| 999 |
_c39745 _d39745 |
||
| 001 | 6350 | ||
| 003 | GE_BSU | ||
| 005 | 20191129120950.0 | ||
| 008 | 181216s2012||||ge |||||||||||||| ||geo|| | ||
| 020 | _a9789941434143 | ||
| 040 | _cGE_BSU | ||
| 041 | _ageo | ||
| 080 | _a572.02+574.2:572 ლ-81 | ||
| 100 |
_aლომთათიძე, ნინო _95628 |
||
| 245 |
_aანთროპოეკოლოგია / _cნინო ლომთათიძე, ნარგიზ ალასანია ; რედ. ქეთევან დოლიძე. |
||
| 264 |
_aბათუმი : _bშოთა რუსთაველის სახ. უნ–ტი, _c2012. |
||
| 300 |
_a265 გვ.: _bილ.; _c20 სმ. |
||
| 504 | _aბიბლიოგრ.: გვ. 262-263. | ||
| 541 | _h6ლ.32თ. | ||
| 653 | _aანთროპოეკოლოგია | ||
| 653 | _a ადამიანის ეკოლოგია | ||
| 700 |
_aალასანია, ნარგიზ _eავტორი _91128 |
||
| 700 |
_aდოლიძე, ქეთევან _eრედაქტორი _9333 |
||
| 710 |
_a ბათუმის სახელმწ. უნ-ტი _95629 |
||
| 942 |
_cBK _2udc |
||